000 00755nam a22001937a 4500
008 240905b |||||||| |||| 00| 0 eng d
020 _a9966469060
050 _aHC800
_b.Z9T56 1994
100 _aTimberlake Lloyd
245 _aAfrica in Crisis :
_bThe Causes ,the cures of Environmental Bankruptcy
_cLloyd Timberlake
260 _aNairobi :
_bEast African Educational Publishers,
_c1994.
300 _aix, 203p. :
_bill., maps ;
_c17cm.
500 _aI
504 _aIncludes Bibliographical references
650 _aThe Population Crisis
_zAfrica
650 _aAid, Development And The Future
_xIs There Hope?
_zAfrica
700 _aEdited by Tinker John and Produced by Cheney Barbara
942 _2lcc
_cBOOKS
_hHC800 .Z9T56 1994
999 _c32188
_d32188